01347cam a22003497a 4500003000500000005001700005008004100022010001000063011001000073022001400083035001100097040000900108082002000117110008600137245004700223260004100270300003700311490004000348590004100388590004100429590004100470590004200511650004700553650004100600650004900641830004800690901000700738942001000745949008300755999001700838952014200855CHAP20220329143509.0100222s2008 mx a rs 00010 spa d a97571 a985430 a0187-490X a109228 cCHAP04a622.98bI5 20082 aInstituto Nacional de Estadística, Geografía e Informática. México95930413aLa minería en México, 2008c/por INEGI aAguascalientes, Ags. :bINEGI,c2008 axiv, 144 p. :bcuadros, gráfs. aSerie de estadísticas sectoriales aBATCH-UPDb10c20130110lUCH01h1746 aBATCH-UPDb10c20130410lUCH01h1125 aBATCH-UPDb10c20130914lUCH01h1637 aCONVERSIONb10c20130109lUCH01h135414aIndustrias minerasxEstadísticas.95801614aIndustrias mineraszMéxico.95802114aMinas y recursos mineralesxMéxico.975914 aSerie de estadísticas sectoriales9104716 aBK cLIBRO a622.98 I5 2008bBCcINEGId33724002096280eINEGIgDonaciØnh111918i109228sb c97571d97571 00104053708INEGIaBCbBCd2019-12-31eDonacionfLIBROi127l0o622.98 I5 2008p33724002096280r2019-12-31 00:00:00w2019-12-31yLIBRO